<?xml version="1.0" encoding="UTF-8"?>
<record
    xmlns:xsi="http://www.w3.org/2001/XMLSchema-instance"
    xsi:schemaLocation="http://www.loc.gov/MARC21/slim http://www.loc.gov/standards/marcxml/schema/MARC21slim.xsd"
    xmlns="http://www.loc.gov/MARC21/slim">

  <leader>01551nam a22002537a 4500</leader>
  <controlfield tag="003">NALT</controlfield>
  <controlfield tag="005">20240422094019.0</controlfield>
  <controlfield tag="008">240110b        th ||||| |||| 00| 0 tha d</controlfield>
  <datafield tag="040" ind1=" " ind2=" ">
    <subfield code="a">NALT</subfield>
  </datafield>
  <datafield tag="090" ind1=" " ind2=" ">
    <subfield code="a">IS 14/2565 17</subfield>
  </datafield>
  <datafield tag="100" ind1="0" ind2=" ">
    <subfield code="9">62527</subfield>
    <subfield code="a">&#xE13;&#xE31;&#xE0F;&#xE10;&#xE32; &#xE0A;&#xE32;&#xE15;&#xE34;&#xE14;&#xE33;&#xE14;&#xE35;</subfield>
  </datafield>
  <datafield tag="245" ind1="1" ind2="0">
    <subfield code="a">&#xE01;&#xE32;&#xE23;&#xE08;&#xE31;&#xE14;&#xE17;&#xE33;&#xE40;&#xE2D;&#xE01;&#xE2A;&#xE32;&#xE23;&#xE27;&#xE34;&#xE0A;&#xE32;&#xE01;&#xE32;&#xE23; &#xE40;&#xE1E;&#xE37;&#xE48;&#xE2D;&#xE2A;&#xE19;&#xE31;&#xE1A;&#xE2A;&#xE19;&#xE38;&#xE19;&#xE01;&#xE32;&#xE23;&#xE17;&#xE33;&#xE07;&#xE32;&#xE19;&#xE02;&#xE2D;&#xE07;&#xE04;&#xE13;&#xE30;&#xE01;&#xE23;&#xE23;&#xE21;&#xE32;&#xE18;&#xE34;&#xE01;&#xE32;&#xE23;&#xE01;&#xE32;&#xE23;&#xE1B;&#xE49;&#xE2D;&#xE07;&#xE01;&#xE31;&#xE19;&#xE41;&#xE25;&#xE30;&#xE1A;&#xE23;&#xE23;&#xE40;&#xE17;&#xE32;&#xE1C;&#xE25;&#xE01;&#xE23;&#xE30;&#xE17;&#xE1A;&#xE08;&#xE32;&#xE01;&#xE20;&#xE31;&#xE22;&#xE18;&#xE23;&#xE23;&#xE21;&#xE0A;&#xE32;&#xE15;&#xE34;&#xE41;&#xE25;&#xE30;&#xE2A;&#xE32;&#xE18;&#xE32;&#xE23;&#xE13;&#xE20;&#xE31;&#xE22; &#xE2A;&#xE20;&#xE32;&#xE1C;&#xE39;&#xE49;&#xE41;&#xE17;&#xE19;&#xE23;&#xE32;&#xE29;&#xE0E;&#xE23; : </subfield>
    <subfield code="b">&#xE01;&#xE23;&#xE13;&#xE35;&#xE28;&#xE36;&#xE01;&#xE29;&#xE32; &#xE01;&#xE32;&#xE23;&#xE08;&#xE31;&#xE14;&#xE01;&#xE32;&#xE23;&#xE1C;&#xE31;&#xE01;&#xE15;&#xE1A;&#xE0A;&#xE27;&#xE32;&#xE43;&#xE19;&#xE1B;&#xE23;&#xE30;&#xE40;&#xE17;&#xE28;&#xE44;&#xE17;&#xE22; /</subfield>
    <subfield code="c">&#xE13;&#xE31;&#xE0F;&#xE10;&#xE32; &#xE0A;&#xE32;&#xE15;&#xE34;&#xE14;&#xE33;&#xE14;&#xE35; ; &#xE2A;&#xE16;&#xE32;&#xE1A;&#xE31;&#xE19;&#xE1E;&#xE23;&#xE30;&#xE1B;&#xE01;&#xE40;&#xE01;&#xE25;&#xE49;&#xE32;.</subfield>
  </datafield>
  <datafield tag="260" ind1=" " ind2=" ">
    <subfield code="a">&#xE01;&#xE23;&#xE38;&#xE07;&#xE40;&#xE17;&#xE1E;&#xE2F; :</subfield>
    <subfield code="b">&#xE2A;&#xE16;&#xE32;&#xE1A;&#xE31;&#xE19;&#xE1E;&#xE23;&#xE30;&#xE1B;&#xE01;&#xE40;&#xE01;&#xE25;&#xE49;&#xE32;,</subfield>
    <subfield code="c">2566.</subfield>
  </datafield>
  <datafield tag="300" ind1=" " ind2=" ">
    <subfield code="a">64 &#xE2B;&#xE19;&#xE49;&#xE32; :</subfield>
    <subfield code="b">&#xE20;&#xE32;&#xE1E;&#xE1B;&#xE23;&#xE30;&#xE01;&#xE2D;&#xE1A; ;</subfield>
    <subfield code="c">29 &#xE0B;&#xE21;.</subfield>
  </datafield>
  <datafield tag="650" ind1=" " ind2="4">
    <subfield code="9">62596</subfield>
    <subfield code="a">&#xE40;&#xE2D;&#xE01;&#xE2A;&#xE32;&#xE23;&#xE01;&#xE32;&#xE23;&#xE1B;&#xE23;&#xE30;&#xE0A;&#xE38;&#xE21; </subfield>
  </datafield>
  <datafield tag="650" ind1=" " ind2="4">
    <subfield code="9">62597</subfield>
    <subfield code="a">&#xE27;&#xE31;&#xE0A;&#xE1E;&#xE37;&#xE0A;&#xE19;&#xE49;&#xE33; </subfield>
    <subfield code="x">&#xE01;&#xE32;&#xE23;&#xE04;&#xE27;&#xE1A;&#xE04;&#xE38;&#xE21;</subfield>
  </datafield>
  <datafield tag="650" ind1=" " ind2="4">
    <subfield code="9">53720</subfield>
    <subfield code="a">&#xE1C;&#xE31;&#xE01;&#xE15;&#xE1A;&#xE0A;&#xE27;&#xE32;</subfield>
  </datafield>
  <datafield tag="850" ind1=" " ind2=" ">
    <subfield code="a">NALT</subfield>
  </datafield>
  <datafield tag="942" ind1=" " ind2=" ">
    <subfield code="c">IS</subfield>
    <subfield code="2">local</subfield>
  </datafield>
  <datafield tag="996" ind1=" " ind2=" ">
    <subfield code="a">chunbijaya.r</subfield>
    <subfield code="b">CATSTF	</subfield>
    <subfield code="c">2024-01-10</subfield>
  </datafield>
  <datafield tag="996" ind1=" " ind2=" ">
    <subfield code="a">saiphon.d</subfield>
    <subfield code="b">CATSTF	</subfield>
    <subfield code="c">2024-01-15</subfield>
  </datafield>
  <datafield tag="999" ind1=" " ind2=" ">
    <subfield code="c">104176</subfield>
    <subfield code="d">104176</subfield>
  </datafield>
  <datafield tag="998" ind1=" " ind2=" ">
    <subfield code="j">8</subfield>
    <subfield code="k"> &#xE19;&#xE32;&#xE22;&#xE1A;&#xE31;&#xE13;&#xE11;&#xE34;&#xE15;  &#xE2D;&#xE38;&#xE17;&#xE32;&#xE27;&#xE07;&#xE04;&#xE4C;</subfield>
  </datafield>
  <datafield tag="952" ind1=" " ind2=" ">
    <subfield code="0">0</subfield>
    <subfield code="1">0</subfield>
    <subfield code="2">local</subfield>
    <subfield code="4">0</subfield>
    <subfield code="7">0</subfield>
    <subfield code="8">CIS</subfield>
    <subfield code="a">NALT</subfield>
    <subfield code="b">NALT</subfield>
    <subfield code="c">IS</subfield>
    <subfield code="d">2024-01-10</subfield>
    <subfield code="l">1</subfield>
    <subfield code="m">1</subfield>
    <subfield code="o">IS 14/2565 17</subfield>
    <subfield code="p">3961222103</subfield>
    <subfield code="r">2024-05-07 00:00:00</subfield>
    <subfield code="s">2024-04-22</subfield>
    <subfield code="w">2024-01-10</subfield>
    <subfield code="y">IS</subfield>
  </datafield>
</record>
